Statistics for 德国邻国国旗

Click here to take the quiz!

General Stats

  • This quiz has been taken 125 times
  • The average score is 9 of 9

Answer Stats

Answer% Correct
法国
100%
波兰
99%
比利时
98%
荷兰
97%
瑞士
97%
捷克
96%
丹麦
96%
奥地利
95%
卢森堡
93%

Score Distribution

Percentile by Number Answered

Percent of People with Each Score

Your Score History

You have not taken this quiz